Central Library OPAC University of Rajshahi

Organic polymers / (Record no. 72238)

MARC details
000 -LEADER
fixed length control field 00827nam a2200253 a 4500
001 - CONTROL NUMBER
control field 72238
003 - CONTROL NUMBER IDENTIFIER
rucl marc code BD-RjUL
005 - DATE AND TIME OF LATEST TRANSACTION
control field 20211209082230.0
008 - FIXED-LENGTH DATA ELEMENTS--GENERAL INFORMATION
fixed length control field 170515s1967 njua b 001 0 eng
035 ## - SYSTEM CONTROL NUMBER
System control number (BD-RjUL)72455
040 ## - CATALOGING SOURCE
Original cataloging agency DLC
Transcribing agency DLC
Modifying agency DLC
-- BD-RjUL
Language of cataloging eng
041 ## - LANGUAGE CODE
Language code of text/sound track or separate title eng
082 00 - DEWEY DECIMAL CLASSIFICATION NUMBER
Edition number 23
Classification number 547.84
Author mark and year ALO 1967
100 1# - MAIN ENTRY--PERSONAL NAME
Personal name Alfrey, Turner,
Dates associated with a name 1918-1981.
9 (RLIN) 213612
245 10 - TITLE STATEMENT
Title Organic polymers /
Statement of responsibility, etc. Turner Alfrey & Edward F. Gurnee.
260 ## - PUBLICATION, DISTRIBUTION, ETC. (IMPRINT)
Place of publication, distribution, etc. Englewood Cliffs, N.J., :
Name of publisher, distributor, etc. Prentice-Hall
Date of publication, distribution, etc. 1967
300 ## - PHYSICAL DESCRIPTION
Pagination ix, 131 p. :
Illustrations ill. ;
Size 24 cm.
490 0# - SERIES STATEMENT
Series statement Prentice-Hall series in materials science
504 ## - BIBLIOGRAPHY, ETC. NOTE
Bibliography, etc Includes bibliographies and index
650 #0 - SUBJECT ADDED ENTRY--TOPICAL TERM
Topical term or geographic name as entry element Polymers.
9 (RLIN) 213613
700 1# - ADDED ENTRY--PERSONAL NAME
Personal name Gurnee, Edward F.,
Relator term joint author.
830 ## - SERIES ADDED ENTRY--UNIFORM TITLE
Uniform title Prentice-Hall series in materials science
942 ## - ADDED ENTRY ELEMENTS (KOHA)
Source of classification or shelving scheme Dewey Decimal Classification
Koha item type Books
Holdings
Lost status Source of classification or shelving scheme Damaged status Not for loan Collection code Permanent Location Current Location Shelving location Date acquired Source of acquisition Cost, normal purchase price Total Checkouts Full call number Date last seen Copy number Koha item type
  Dewey Decimal Classification   Not For Loan Non-fiction Central Library, University of Rajshahi Central Library, University of Rajshahi Reading Room 07/09/1973 Ideal Library 35.55   547.84 ALO 1967 15/05/2017 C-1 Books